Movies Quiz

Random Movies or Director Quiz

Rob Zombie (director) Quiz Stats

 Plays Quiz not verified by Sporcle

Score 0/8 Timer 10:00
0 Plays Today
2003-2010 % Correct
Halloween
96%
House of 1000 Corpses
89.3%
Halloween 2
88.7%
The Devils Rejects
88.1%
The Haunted World of El Superbeasto
27.1%
Grindhouse
8.5%
CSI : Miami
7.3%
Michael Lives: The making of Halloween
1.1%

You're not logged in!

Compare scores with friends on all Sporcle quizzes.
OR
Log In

Show Comments

Extras

Created Nov 9, 2010ReportNominate
Tags:Director Quiz, 2000s, rob, zombies

Top Quizzes Today


Score Distribution

Your Account Isn't Verified!

In order to create a playlist on Sporcle, you need to verify the email address you used during registration. Go to your Sporcle Settings to finish the process.

Report this User

Report this user for behavior that violates our Community Guidelines.

Details: